Представление документа в формате RUSMARC

ПолеНазваниеЗначение
  Тип записи a
  Библиографический уровень m
001 Контрольный номер c7f9fb636182445a89a75508f895c49d
005 Дата корректировки 20140729152603.9
010 Индекс ISBN __
a ISBN 5-8213-0044-4
101 Язык документа 0_
a Язык текста rus
102 Страна публикации __
a Страна публикации RU
200 Заглавие и сведения об ответственности 1_
a Заглавие Чуваши: этническая история и традиционная культура
f Первые сведения об ответственности сост. В. П. Иванов, сост. В. В. Николаев, сост. В. Д. Димитриев
210 Выходные данные 1_
c Издательство ДИК
a Место издания М.
d Дата издания 2000
215 Физическое описание __
a Объем 95, [1] с.
610 Ключевые слова 0_
a Ключевые слова Республика Чувашия
610 Ключевые слова 0_
a Ключевые слова история
610 Ключевые слова 0_
a Ключевые слова этнография
610 Ключевые слова 0_
a Ключевые слова культура
610 Ключевые слова 0_
a Ключевые слова быт
610 Ключевые слова 0_
a Ключевые слова обряды
610 Ключевые слова 0_
a Ключевые слова праздники
610 Ключевые слова 0_
a Ключевые слова традиции
610 Ключевые слова 0_
a Ключевые слова религия
686 Индексы других классификаций __
a Классификационный индекс 63.3(2Р-Чув.)
2 Код системы rubbk
686 Индексы других классификаций __
a Классификационный индекс 63.5
2 Код системы rubbk
702 Вторичная интеллектуальная ответственность _1
a Фамилия Иванов
b Имя В. П.
4 Код отношения 220
702 Вторичная интеллектуальная ответственность _1
a Фамилия Николаев
b Имя В. В.
4 Код отношения 220
702 Вторичная интеллектуальная ответственность _1
a Фамилия Димитриев
b Имя В. Д.
4 Код отношения 220
801 Источник записи _0
a Страна RU
b Организация РУК
c Дата составления 20071127
g Правила каталогизации PSBO
801 Источник записи _1
a Страна RU
b Организация РУК
c Дата составления 20071127
g Правила каталогизации PSBO
852 Данные о местонахождении __
i Авторский знак Ч-82
j Шифр хранения ББК 63.3(2)
901 Тип документа __
t Тип документа m
938 Служебная информация __
a Название организации Головной вуз
b Имя БД BOOK
c Название АИБС АИБС ИРБИС